000 01281cam a2200385 a 4500
001 14175837
003 OSt
005 20230629140320.0
008 030828s2004 enk 001 0 eng
010 _a 2005472746
015 _aGBA3U8365
_2bnb
016 7 _a010978034
_2Uk
020 _a0406950040
035 _a(OCoLC)ocm57355721
040 _aUKM
_cUKM
_dOCLCQ
_dMUQ
_dDLC
043 _ae-uk-en
_ae-uk-wl
050 0 0 _aKD7499
_b.T36 2004
082 0 4 _a347.4206
_222
_bTAP
100 1 _aTapper, Colin.
245 1 0 _aCross and Tapper on evidence.
250 _a9th ed. /
_bColin Tapper.
260 _aLondon :
_bButterworths,
_c2004.
300 _acli, 796 p. ;
_c25 cm.
500 _aPrevious ed.: 1999.
500 _aIncludes index.
650 0 _aEvidence (Law)
_zEngland.
650 0 _aEvidence (Law)
_zWales.
650 6 _aPreuve (Droit)
_zGrande-Bretagne.
700 1 _aCross, Rupert,
_d1912-1980.
_tEvidence.
856 4 2 _3Publisher description
_uhttp://www.loc.gov/catdir/enhancements/fy0628/2005472746-d.html
856 4 1 _3Table of contents only
_uhttp://www.loc.gov/catdir/enhancements/fy0628/2005472746-t.html
906 _a7
_bcbc
_ccopycat
_d2
_encip
_f20
_gy-gencatlg
942 _2ddc
_cBK
999 _c3094
_d3094